[Event "Edmonton-ch"]
[Site "Edmonton"]
[Date "2018.01.11"]
[Round "1.2"]
[White "Ivanescu, Mark"]
[Black "Villavieja, Butch"]
[Result "0-1"]
[WhiteElo "1779"]
[BlackElo "2075"]
[PlyCount "74"]
[EventDate "2018.01.04"]
[EventType "k.o."]
[EventRounds "4"]
[EventCountry "CAN"]
[SourceTitle "EXT 2024"]
[Source "ChessBase"]
[SourceDate "2023.10.10"]
[SourceVersion "1"]
[SourceVersionDate "2023.10.10"]
[SourceQuality "1"]

1. d4 Nf6 2. Nf3 g6 3. Bf4 Bg7 4. e3 0-0 5. Nbd2 d6 6. h3 Nc6 7. c3 Nd7 8. Be2 e5 9. Bh2 f5 10. d5 Ne7 11. Ng5 Nc5 12. Bc4 h6 13. b4 Nd3+ 14. Bxd3 hxg5 15. Bc4 Bf6 16. g4 Kg7 17. Rc1 Rh8 18. Qf3 b5 19. Bxb5 a5 20. a3 axb4 21. axb4 Ra3 22. e4 fxg4 23. hxg4 Rh4 24. Bg3 Bxg4 25. Qg2 Rxh1+ 26. Qxh1 Qa8 27. f3 Rxc3 28. Ke2 Bxf3+ 29. Nxf3 Qa2+ 30. Nd2 Rxg3 31. Rxc7 Qa3 32. Qh2 g4 33. Qf2 Bg5 34. Rxe7+ Bxe7 35. Be8 Qd3+ 36. Ke1 Re3+ 37. Kd1 Rf3 0-1

[Event "Edmonton Fall-A"]
[Site "Edmonton"]
[Date "2016.10.29"]
[Round "1"]
[White "Villavieja, Butch"]
[Black "Malek, Omid"]
[Result "1-0"]
[WhiteElo "2132"]
[BlackElo "2060"]
[PlyCount "119"]
[EventDate "2016.10.29"]
[EventType "tourn"]
[EventRounds "5"]
[EventCountry "CAN"]
[SourceTitle "EXT 2019"]
[Source "ChessBase"]
[SourceDate "2018.10.10"]
[SourceVersion "1"]
[SourceVersionDate "2018.10.10"]
[SourceQuality "1"]

1. e4 e6 2. d4 d5 3. Nc3 Nc6 4. Nf3 Nf6 5. e5 Ne4 6. a3 Be7 7. Be3 Nxc3 8. bxc3 f6 9. Bd3 f5 10. c4 0-0 11. Qd2 b6 12. cxd5 exd5 13. 0-0 Na5 14. Bg5 h6 15. Bxe7 Qxe7 16. Qb4 Qf7 17. Nd2 Be6 18. Rac1 c5 19. dxc5 Nc6 20. Qa4 Nxe5 21. Rfe1 Nxd3 22. cxd3 bxc5 23. Rxc5 Rac8 24. Rxc8 Bxc8 25. Nf3 a6 26. d4 f4 27. Qc6 Qd7 28. Qc5 Qb5 29. Qc7 Qd7 30. Re7 Qxc7 31. Rxc7 Bf5 32. Ne5 Rb8 33. h3 Rb1+ 34. Kh2 Rd1 35. Ra7 Bd3 36. Rf7 Be4 37. Rxf4 g5 38. Rf6 Kg7 39. Rxa6 Rxd4 40. f3 Bc2 41. Ra7+ Kg8 42. Nf7 h5 43. Nxg5 h4 44. Rc7 Rd2 45. Rc5 Bd1 46. Kg1 Bb3 47. f4 Kg7 48. Nf3 Rd1+ 49. Kf2 d4 50. Rc7+ Kf6 51. Rd7 d3 52. Nxh4 Bc2 53. Nf3 Ra1 54. Ne5 Rxa3 55. Ke3 Ra2 56. g4 Bb1 57. Nxd3 Rh2 58. Nf2 Ke6 59. Rd2 Rg2 60. Kf3 1-0

[Event "Edmonton op qual 11th"]
[Site "Edmonton"]
[Date "2016.04.30"]
[Round "3"]
[White "Villavieja, Butch"]
[Black "Findlay, Ian T"]
[Result "1/2-1/2"]
[WhiteElo "2094"]
[BlackElo "2244"]
[PlyCount "134"]
[EventDate "2016.04.30"]
[EventType "swiss"]
[EventRounds "5"]
[EventCountry "CAN"]
[SourceTitle "EXT 2017"]
[Source "ChessBase"]
[SourceDate "2016.10.25"]
[SourceVersion "1"]
[SourceVersionDate "2016.10.25"]
[SourceQuality "1"]

1. e4 c5 2. Nf3 d6 3. d4 cxd4 4. Nxd4 Nf6 5. Nc3 g6 6. Be3 Bg7 7. f3 Nc6 8. Qd2 0-0 9. Bc4 Bd7 10. 0-0-0 Rc8 11. Bb3 Nxd4 12. Bxd4 b5 13. Nd5 Nxd5 14. Bxg7 Kxg7 15. Bxd5 a5 16. h4 h5 17. a3 Qc7 18. g4 Rh8 19. Rdg1 b4 20. axb4 axb4 21. Bb3 Qc5 22. gxh5 Rxh5 23. Rg5 Rxg5 24. Qxg5 Qxg5+ 25. hxg5 Rc5 26. Rg1 f6 27. gxf6+ Kxf6 28. Kd2 Rh5 29. Ke3 Rh2 30. Rd1 g5 31. Rd4 Be6 32. Rxb4 Bxb3 33. Rxb3 Rxc2 34. Kd3 Rf2 35. Kd4 Ke6 36. Ke3 Rc2 37. Rb5 Kf6 38. b4 Rb2 39. Rb8 Ke5 40. b5 Ke6 41. b6 Kd7 42. Rb7+ Ke6 43. Rb8 Kd7 44. Kd3 Rb3+ 45. Ke2 e5 46. Kf2 Kc6 47. Rc8+ Kb7 48. Rg8 Rxb6 49. Rxg5 Kc6 50. Rg8 Kd7 51. Kg3 Ke6 52. Kg4 Kf7 53. Rg5 Kf6 54. Rf5+ Ke6 55. Kg5 Rb3 56. Kg6 Ra3 57. Rf8 Ke7 58. Rf6 Rb3 59. Rf5 Ke6 60. Kg5 Ra3 61. Kg4 Ra1 62. Kg3 Rg1+ 63. Kf2 Ra1 64. Rh5 Ra8 65. Rh4 Ke7 66. Kg3 Rg8+ 67. Kf2 Ra8 1/2-1/2

[Event "Victoria Grand Pacific op 9th"]
[Site "Victoria"]
[Date "2015.04.04"]
[Round "4"]
[White "Lister, Curtis"]
[Black "Villavieja, Butch"]
[Result "0-1"]
[WhiteElo "1698"]
[BlackElo "2207"]
[PlyCount "124"]
[EventDate "2015.04.03"]
[EventType "swiss"]
[EventRounds "6"]
[EventCountry "CAN"]
[SourceTitle "CBM 166 Extra"]
[Source "ChessBase"]
[SourceDate "2015.06.18"]
[SourceVersion "1"]
[SourceVersionDate "2015.06.18"]
[SourceQuality "1"]

1. e4 c5 2. Nf3 d6 3. d4 cxd4 4. Nxd4 Nf6 5. Nc3 g6 6. Bc4 Bg7 7. Bb3 Nc6 8. 0-0 0-0 9. Nde2 a6 10. f3 b5 11. Be3 Bb7 12. Qd2 Rc8 13. Rfd1 Ne5 14. Nf4 Nfd7 15. Nd3 Nc4 16. Bxc4 Rxc4 17. Ne2 Rc8 18. c3 Nb6 19. b3 Nd7 20. Rac1 Qa5 21. Nb4 Nf6 22. Nf4 Kh8 23. Qf2 Qc7 24. c4 Qa5 25. Nbd5 Bxd5 26. Nxd5 Nxd5 27. Rxd5 Qa3 28. Qd2 bxc4 29. bxc4 Qa4 30. Qa5 Qe8 31. c5 dxc5 32. Rdxc5 Rxc5 33. Rxc5 Qd7 34. Rd5 Qc8 35. Bc5 Re8 36. Qb4 e6 37. Rd3 Qc7 38. Bb6 Qc1+ 39. Kf2 Be5 40. Bd4 Bxd4+ 41. Qxd4+ Kg8 42. Rd2 h5 43. Qb2 Qc7 44. g3 Rb8 45. Qd4 Qc1 46. Kg2 Rb1 47. Qd8+ Kg7 48. Qd3 a5 49. Rc2 Qe1 50. Qe2 Qg1+ 51. Kh3 Qd4 52. Rd2 Qf6 53. f4 e5 54. f5 Kh6 55. fxg6 fxg6 56. Qf2 Qxf2 57. Rxf2 Re1 58. Rf3 Rxe4 59. Ra3 a4 60. Kg2 Kg5 61. Kf3 Kf5 62. h4 Rc4 0-1

[Event "British Columbia-op"]
[Site "Richmond"]
[Date "2015.02.07"]
[Round "2.4"]
[White "Villavieja, Butch"]
[Black "Salcedo, Daniel"]
[Result "1-0"]
[WhiteElo "2202"]
[BlackElo "1948"]
[PlyCount "67"]
[EventDate "2015.02.07"]
[EventType "swiss"]
[EventRounds "6"]
[EventCountry "CAN"]
[SourceTitle "EXT 2019"]
[Source "ChessBase"]
[SourceDate "2018.10.10"]
[SourceVersion "1"]
[SourceVersionDate "2018.10.10"]
[SourceQuality "1"]

1. e4 c6 2. d4 d6 3. Nc3 b5 4. a4 b4 5. Na2 Nf6 6. Bd3 a5 7. c3 bxc3 8. bxc3 g6 9. Nf3 Bg7 10. 0-0 0-0 11. Re1 Qc7 12. e5 dxe5 13. Nxe5 Nbd7 14. Nf3 e6 15. Ba3 Re8 16. Nc1 e5 17. Bc4 Nd5 18. Ng5 N7b6 19. Bb3 Nxc3 20. Qf3 Nbd5 21. Bd6 Qd7 22. dxe5 h6 23. Ne4 Qf5 24. Nxc3 Qxf3 25. gxf3 Nxc3 26. Nd3 Nd5 27. Rac1 Bf5 28. Rxc6 Bxd3 29. Bxd5 Ra6 30. Rc7 Rxd6 31. Bxf7+ Kf8 32. Bxe8 Rd5 33. Bc6 Rxe5 34. Rd1 1-0

[Event "Washington Class-ch Masters"]
[Site "Lynnwood"]
[Date "2014.11.28"]
[Round "2"]
[White "Feng, Roland"]
[Black "Villavieja, Butch"]
[Result "1-0"]
[WhiteElo "2139"]
[BlackElo "2173"]
[PlyCount "75"]
[EventDate "2014.11.28"]
[EventType "swiss"]
[EventRounds "6"]
[EventCountry "USA"]
[SourceTitle "EXT 2017"]
[Source "ChessBase"]
[SourceDate "2016.10.25"]
[SourceVersion "1"]
[SourceVersionDate "2016.10.25"]
[SourceQuality "1"]

1. d4 Nf6 2. c4 g6 3. Nc3 Bg7 4. Nf3 0-0 5. Bg5 d6 6. e3 Nbd7 7. Be2 c6 8. 0-0 h6 9. Bh4 e5 10. Qc2 g5 11. Bg3 Nh5 12. dxe5 dxe5 13. Rad1 Qe7 14. Nd2 Nxg3 15. hxg3 f5 16. g4 Nc5 17. b4 Na6 18. a3 Nc7 19. gxf5 Bxf5 20. Nde4 a5 21. c5 axb4 22. axb4 Kh8 23. Qb3 g4 24. Ng3 Qh4 25. Qc4 Be6 26. Qe4 Nd5 27. Nxd5 cxd5 28. Rxd5 Bxd5 29. Qxd5 Rxf2 30. Rxf2 Qxg3 31. Qe4 h5 32. Bd3 Ra1+ 33. Rf1 Rxf1+ 34. Kxf1 Kg8 35. Bc4+ Kh8 36. Bd3 Kg8 37. Qd5+ Kf8 38. Bg6 1-0

[Event "British Columbia-ch"]
[Site "Victoria"]
[Date "2014.10.13"]
[Round "7.2"]
[White "Villavieja, Butch"]
[Black "Doknjas, Joshua"]
[Result "1-0"]
[WhiteElo "2226"]
[BlackElo "2215"]
[PlyCount "41"]
[EventDate "2014.10.10"]
[EventType "tourn"]
[EventRounds "7"]
[EventCountry "CAN"]
[SourceTitle "EXT 2022"]
[Source "ChessBase"]
[SourceDate "2021.10.06"]
[SourceVersion "1"]
[SourceVersionDate "2021.10.06"]
[SourceQuality "1"]

1. e4 c5 2. Nf3 d6 3. d4 cxd4 4. Nxd4 Nf6 5. Nc3 a6 6. Bc4 e6 7. Bb3 Be7 8. 0-0 0-0 9. f4 b5 10. f5 b4 11. Na4 e5 12. Ne2 Bb7 13. Ng3 Nxe4 14. Nxe4 Bxe4 15. Qg4 Bc6 16. Bh6 Bf6 17. Bxg7 Bg5 18. f6 h6 19. Bxh6 Kh7 20. Qxg5 Rg8 21. Bg7 1-0

[Event "Canadian op 51st"]
[Site "Montreal"]
[Date "2014.07.26"]
[Round "9"]
[White "Villavieja, Butch"]
[Black "Ruiz Sanchez, Orlen"]
[Result "0-1"]
[WhiteElo "2158"]
[BlackElo "2465"]
[PlyCount "150"]
[EventDate "2014.07.19"]
[EventType "swiss"]
[EventRounds "9"]
[EventCountry "CAN"]
[SourceTitle "CBM 161 Extra"]
[Source "ChessBase"]
[SourceDate "2014.08.29"]
[SourceVersion "1"]
[SourceVersionDate "2014.08.29"]
[SourceQuality "1"]

1. e4 c5 2. Nf3 d6 3. d4 cxd4 4. Nxd4 Nf6 5. Nc3 a6 6. Bc4 e6 7. Bb3 b5 8. 0-0 Be7 9. Qf3 Qb6 10. Be3 Qb7 11. Qg3 b4 12. Na4 Nbd7 13. Bxe6 fxe6 14. Nxe6 g6 15. f3 Ne5 16. Nf4 0-0 17. b3 Bd7 18. Nb6 Rae8 19. Rad1 Bb5 20. Rf2 Bd8 21. Nbd5 Nxd5 22. Nxd5 Bc6 23. Rfd2 Bxd5 24. Rxd5 Bb6 25. Bxb6 Qxb6+ 26. Kh1 Nf7 27. h4 Kh8 28. h5 Rg8 29. Qf4 Qa7 30. Qf6+ Rg7 31. h6 Nxh6 32. Rxd6 Qe7 33. Qxe7 Rgxe7 34. Rxa6 Rc8 35. Rd4 Rb7 36. Rd2 Kg7 37. a3 bxa3 38. Rxa3 Nf7 39. Ra6 Rbc7 40. Ra2 g5 41. c4 Rb8 42. Ra3 Rcb7 43. Rd3 h6 44. Kh2 Ne5 45. Rd5 Ng6 46. Rd3 Nf4 47. Re3 Ne6 48. e5 Nc5 49. e6 Re7 50. Kg3 Rxe6 51. Rxe6 Nxe6 52. Kg4 Kg6 53. g3 Rb6 54. Kh3 Nc5 55. Ra5 Nxb3 56. Rb5 Rxb5 57. cxb5 Kf5 58. b6 Nc5 59. Kg2 Ke5 60. Kh3 Kf5 61. Kg2 Nb7 62. Kh3 Nd6 63. Kg2 h5 64. Kh3 Kg6 65. Kg2 g4 66. Kf2 Kf5 67. Kg2 Ke5 68. Kf2 Kd4 69. Ke2 Nb7 70. Kf2 Kd3 71. f4 Kd4 72. Ke2 Nd6 73. Kf2 Kc5 74. f5 Kxb6 75. f6 Ne4+ 0-1